[Event "RUS-chT 11th"]
[Site "Sochi"]
[Date "2004.04.21"]
[Round "2.4"]
[White "Beletsky, Alexey"]
[Black "Hasangatin, Ramil"]
[Result "0-1"]
[WhiteElo "2393"]
[BlackElo "2503"]
[Annotator "Atlas,V"]
[PlyCount "38"]
[EventDate "2004.04.20"]
[EventType "team-tourn"]
[EventRounds "9"]
[EventCountry "RUS"]
[SourceTitle "EXT 2020"]
[Source "ChessBase"]
[SourceDate "2019.10.17"]
[SourceVersion "1"]
[SourceVersionDate "2019.10.17"]
[SourceQuality "1"]
[WhiteTeam "Tomsk Siberian Athens-Neftekhim"]
[BlackTeam "Kazan Ladya"]
[WhiteTeamCountry "RUS"]
[BlackTeamCountry "RUS"]

1. d4 d5 2. c4 c6 3. Nf3 dxc4 4. e3 Be6 5. a4 Nf6 6. Na3 c5 7. Nxc4 Nc6 8. Nce5
Bd5 9. Nxc6 bxc6 10. Be2 cxd4 11. Qxd4 e6 12. O-O Be7 13. Nd2 O-O 14. Rd1 c5
15. Qc3 Qc7 16. f3 Bd6 17. g3 $2 ({White obviously understimates opponent's
threats. Correct was Weiß unterschätzt offensichtlich die gegnerischen
Drohungen. Korrekt war} 17. Nf1 {, although after obwohl Schwarz nach} Rab8 {
Black retains a durable advantage. einen dauerhaften Vorteil behält.}) 17...
Bxg3 $1 {The bishop sacrifice destroying White's kingside spells a quick end
for White. Das Läuferopfer zerschlägt die weiße Königsflanke und führt zu
einem schnellen Ende für den Anziehenden.} 18. hxg3 $2 (18. Nf1 {is elegantly
refuted by findet die elegante Widerlegung} Bxh2+ 19. Nxh2 Qg3+ 20. Kh1 Ne4 21.
fxe4 Bxe4+ 22. Nf3 Bxf3+ 23. Bxf3 Qxf3+ 24. Kh2 Qxd1 {, winning. mit Gewinn.})
({hartnäckiger war aber} 18. f4 {was definitely more stubborn.}) 18... Qxg3+
19. Kf1 ({If Falls} 19. Kh1 {, then so} Ng4 {, with inevitable mate. mit
unvermeidlichem Matt.}) {[%tqu "En","How would you conclude Black's attack?",
"Try to open the main diagonal for your bishop.","Bring your knight into
play!","f6g4","After this knight thrust mate is inevitable.",4,"De","Wie
würden Sie den schwarzen Angriff abschließen?","Versuchen Sie, die
Hauptdiagonale für Ihren Läufer zu öffnen.","Bringen Sie Ihren Springer ins
Spiel!","f6g4","Nach diesem Springerausfall ist das Matt unvermeidlich.",4]}
19... Ng4 $1 {[%csl Gd5,Rf1,Rf2,Rf3,Gg3,Gg4]} (19... Ng4 $1 {, and White
resigned in view of inevitable mate: und Weiß gab auf, denn er wird
unweigerlich matt:} 20. fxg4 (20. Ne4 Nh2#) 20... Bg2+ 21. Kg1 Bh3+ 22. Kh1
Qg2#) 0-1

[Event "ISR-ch"]
[Site "Tel Aviv"]
[Date "2002.12.02"]
[Round "8"]
[White "Golod, Vitali"]
[Black "Avrukh, Boris"]
[Result "1/2-1/2"]
[WhiteElo "2523"]
[BlackElo "2595"]
[Annotator "Avrukh,B"]
[PlyCount "45"]
[EventDate "2002.11.24"]
[EventType "swiss"]
[EventRounds "9"]
[EventCountry "ISR"]
[SourceTitle "CBM 093"]
[Source "ChessBase"]
[SourceDate "2003.04.01"]
[SourceVersion "1"]
[SourceVersionDate "2003.04.01"]
[SourceQuality "1"]

1. d4 d5 2. c4 c6 3. e3 Nf6 4. Bd3 a6 {It's really very strange,but this move
is a rare quest at this present position.} 5. Nf3 {transposing to the popular
3Nf3 and 4e3 line} (5. Nc3 b5 {very good for black with bishop on c1}) 5... Bg4
6. h3 Bh5 7. Nbd2 e6 (7... Nbd7 {gives white one interesting alternative} 8. g4
$5 Bg6 (8... dxc4 $143 9. Nxc4 Bg6 10. g5 $36) 9. Bxg6 hxg6 10. g5 Ne4 $1 (
10... Nh5 $143 11. cxd5 cxd5 12. Qb3 e6 (12... Nb6 13. a4 $1 {[%cal Ga4a5]})
13. Qxb7 Be7 14. Qc6 $14) 11. Qb3 (11. cxd5 $143 cxd5 12. Qb3 e6 13. Qxb7 Rb8
14. Qxa6 Bb4 $36 {[%csl Ge1]}) (11. Nxe4 dxe4 12. Nd2 Qa5 $1 {[%csl Gg5]})
11... Nxd2 12. Bxd2 Qb6 $13) 8. b3 (8. O-O) 8... c5 $5 {Nowadays this is
already typical idea in Slav with a6,thanks to A. Morozevich} (8... Nbd7 9. O-O
(9. Bb2 Bb4 $5) 9... Bd6 10. Bb2 O-O 11. Qc2 {looks slightly better for white})
9. O-O (9. Bb2 cxd4 $1 (9... Nc6) 10. exd4 Bb4 11. a3 $140 (11. Be2 $142 {
lead to the game}) 11... Bxd2+ 12. Qxd2 Bxf3 13. gxf3 Nc6 {with promising
position for black}) (9. cxd5 Nxd5 10. Bb2 cxd4 11. Bxd4 Nc6 {of course very
good for black}) 9... cxd4 10. exd4 Nc6 11. Bb2 Bb4 12. Be2 {If white has to
play such a move ,it means that black succeded in the opening} O-O 13. a3 $6 {
Unaccuracy, after which white has to be careful,because black gets an
initiative.} (13. Ne5 {was more accurate} Bxe2 14. Qxe2 Bxd2 (14... dxc4 $143
15. Nxc6 bxc6 16. Nxc4 Nd5 17. Rac1 $14 {[%csl Gc6][%cal Gc4e5]}) 15. Nxc6 bxc6
16. Qxd2 a5 $1 $11 {[%cal Ga5a4]}) 13... Bxd2 14. Qxd2 Na5 $1 {[%csl Rb3,Rc4]}
(14... Qb6 $143 15. Qc3 dxc4 (15... Ne4 16. Qe3) (15... Na5 16. c5 $1 Qxb3 17.
Rab1 $1 {[%csl Ga5]} (17. Rfb1 b6 $1 $13) 17... Bxf3 18. Bxf3 Qxc3 19. Bxc3 Nc4
20. Rxb7 Nxa3 21. Ra1 Nb5 22. Bb2 {with dangerous endgame for black}) 16. bxc4
Rfd8 {[%csl Gc4,Gd4]} 17. Rfd1 Rac8 18. Rab1 {[%cal Gb2a1]} Bg6 19. Bd3 Bxd3
20. Qxd3 Ne7 $13) 15. Qe3 $146 {The best defence} ({Much worse} 15. Qb4 {
because of} dxc4 16. bxc4 b5 $1 17. g4 {[%csl Rf4]} Bg6 18. cxb5 Nd5 19. Qe1
Nf4 {[%cal Gf4h3]} 20. Bc1 Nxe2+ 21. Qxe2 Nb3 22. Ra2 axb5 (22... Qd5 $1 23.
bxa6 $140 $2 Be4 {[%cal Gb3d4]}) 23. Be3 (23. Qxb5 $142) 23... Qd5 $17 {
0-1 Georgiev,K-Dreev,A/Moscow RUS 2002/The Week in Chess 395 (81)}) (15. Qc3 $2
dxc4 16. bxc4 Rc8) 15... dxc4 (15... Qb6 16. Bc3 $8 Nxb3 (16... Bxf3 17. Bxf3 (
17. Qxf3 Nc6 $1 {[%csl Gb3,Gd4]}) 17... dxc4 18. Bxa5 Qxa5 19. bxc4 Rac8 20.
Rfc1 $14) 17. Rab1 dxc4 $8 18. Bxc4 Na5 $1 19. Rxb6 Nxc4 20. Rxb7 $1 (20. Qg5
Nxb6 $15) 20... Nxe3 21. fxe3 Nd5 22. Bd2 $14) 16. bxc4 b5 $1 {This temporary
positional sacrifice was my idea,otherwise not so clear why i gave my
darksquared bishop} 17. cxb5 {[%csl Gd5]} Nd5 {This brilliant knight plus bad
bishop on b2 give black quite sufficient compensation for a pawn.} 18. Qe4 (18.
Qe5 $143 Bxf3 19. Bxf3 (19. gxf3 axb5 20. Bxb5 Rb8 21. a4 Rxb5 $1 22. axb5 Nc4
23. Qe2 Nf4 $19) 19... Nc4 20. Qe2 axb5 $15) (18. Qd2 $2 Nb3 $19) 18... axb5 (
18... Nb3 19. Rad1 (19. bxa6 $2 Nxa1 20. Bxa1 Qa5 $17) 19... Qa5 {[%cal Gh5f3,
Gb3d2]} 20. Qh4 $1 (20. Bd3 Bg6 21. Qg4 Bxd3 (21... axb5 $11) 22. Rxd3 Qxb5 23.
Ne5 Rab8 24. Rg3 g6 $15 {[%csl Rb2]}) (20. Qc2 Nf4 $1) (20. Qe5 Bxf3 21. Bxf3
Qxb5 22. Be4 {[%cal Ge5h5]} (22. Be2) 22... Rab8 23. Qh5 g6 (23... Nf6 24. Qxb5
Rxb5 25. Bc6 $11 {[%cal Gd4d5]}) 24. Qh4 Rfd8 $15) 20... Bxf3 21. Bxf3 Nd2 22.
Bxd5 exd5 23. Rfe1 Nc4 24. Bc1 axb5 25. Qh5 $11) 19. Bxb5 Nb3 (19... Nb7 $5 {
was very interesting alternative} 20. a4 (20. Qh4 $2 Bxf3 21. Qxd8 Rfxd8 22.
gxf3 Nd6 23. Bc6 Rab8 $40) (20. Bc6 Qb6) (20. Be2 Qb6 $1 $36 {[%csl Rb2]})
20... Nd6 21. Qd3 Bxf3 22. Qxf3 Nxb5 23. axb5 Qd7 $11) 20. Rad1 Qa5 21. Bd3 $1
(21. Qd3 $2 Bxf3 22. gxf3 Nf4 $1 (22... Rfb8 23. a4 Qb4 $13) 23. Qxb3 $140 Qd8
{[%cal Gd8g5] mating}) 21... Bg6 22. Qg4 (22. Qh4 Bxd3 23. Rxd3 Qb5 24. Rfd1
Rfc8 $44 {[%cal Gc8c2]}) 22... Rfc8 $1 $44 {[%csl Gc2]} (22... Bxd3 $140 23.
Rxd3 Qb5 24. Ne5 $1 $36 {[%cal Gd3g3]}) 23. Bxg6 (23. Bxg6 hxg6 24. Qe4 (24.
Ne5 $5) 24... Qc7 $5 {[%cal Gc7c2]} 25. Rfe1 Qc2 26. Rb1 Qxe4 27. Rxe4 Rc2 $11)
(23. Ne5 Nf6 $1 (23... Bxd3 $140 $2 24. Rxd3 {[%cal Gd3g3]}) (23... Rab8 24.
Nxg6 hxg6 25. Rfe1 $1 Qa4 (25... Rb6 26. Re5 $1 $16) 26. Bxg6 Nf6 27. Bxf7+
Kxf7 28. Qxe6+ Kg6 29. d5 $36) 24. Qe2 (24. Qg3 Bxd3 25. Rxd3 Nd2 26. Rd1 Nde4
27. Qe3 Rc2 $36) 24... Bxd3 25. Rxd3 Qb5 $44 (25... Qd5 $5)) 1/2-1/2

[Event "INA-ROW m"]
[Site "Bali"]
[Date "1999.05.05"]
[Round "4"]
[White "Juswanto, Denny"]
[Black "Torre, Eugenio"]
[Result "1-0"]
[WhiteElo "2465"]
[BlackElo "2557"]
[Annotator "Avrukh,B"]
[PlyCount "69"]
[EventDate "1999.05.??"]
[EventType "team"]
[EventRounds "8"]
[EventCountry "INA"]
[SourceTitle "CBM 071"]
[Source "ChessBase"]
[SourceDate "1999.08.01"]
[SourceVersion "1"]
[SourceVersionDate "1999.08.01"]
[SourceQuality "1"]

1. d4 {Finkel,A} d5 2. Nf3 Nf6 3. g3 c6 4. Bg2 Bf5 5. O-O e6 6. b3 Be7 (6...
Nbd7 $5 7. Bb2 a5 8. a4 Qb8 9. c4 Bb4 10. Bc3 Bxb1 11. Bxb4 axb4 12. Qxb1 Ne4
13. Qc2 Qa7 $13 {Vasilchenko,O-Sherbakov,R/RUS-chT 1992}) (6... Bd6 7. Bb2 Nbd7
8. Nbd2 Qc7 (8... h5 $6 9. c4 Ne4 10. Ne5 h4 11. Nxe4 Bxe4 12. Qc1 Bxg2 13.
Kxg2 Rh5 14. Nd3 $14 {Stangl,M-Macek,V/Bad Woerishofen op 1994}) 9. c4 h6 10.
Rc1 O-O 11. Nh4 Bh7 12. c5 Be7 13. Nhf3 Ne4 14. Nxe4 Bxe4 $11 {Heckmann,
F-Popov,A/WchS 1992}) 7. Bb2 O-O 8. c4 Nbd7 9. Nc3 Ne4 (9... h6 10. Nd2 (10.
Ne1 $5 a5 11. Nd3 Bh7 12. e3 a4 13. Rc1 axb3 14. axb3 Ba3 15. Bxa3 Rxa3 $11 {
Pieterse,G-Van der Sterren,P/NLD-ch 1991}) 10... a5 11. e4 dxe4 12. Ndxe4 Nxe4
13. Nxe4 Nf6 14. Nd2 Qb6 $132 {Klee,M-Braun,I/Kassel op 1994}) 10. Nd2 Nxd2 (
10... Nxc3 11. Bxc3 Nf6 12. Bb2 (12. e3 a5 13. Qe2 Qd7 14. f3 c5 15. Kh1 $13 {
Stefanova,A-Petek Medic,M/Erevan olw 1996}) 12... Qb6 13. Qc1 Rfe8 14. e3 h6
15. Re1 Rad8 16. Ba3 a6 $11 {Hladik,J-Svancara,P/Komercni Banka op 1995}) 11.
Qxd2 dxc4 $5 12. e4 (12. bxc4 $5 Nb6 13. e4 Nxc4 14. Qe2 Nxb2 15. exf5 Ba3 16.
Nb1 $5 $13) 12... Bg4 13. h3 Bh5 14. g4 (14. bxc4 Ne5 $6 15. g4 Nxc4 (15... Bg6
) 16. Qe2 Nxb2 17. gxh5 Ba3 18. Nb1 Qd6 19. Nxa3 Qxa3 20. Rab1 $14) 14... Bg6
15. bxc4 Nb6 16. Qd3 e5 17. d5 Bc5 $13 18. Ne2 (18. Rad1 Qd6 19. Ne2 Rfd8 20.
Kh1 Na4 21. Ba1 $14) 18... Re8 19. Rac1 $5 {[%csl Rc4][%cal Gd3g3,Gg1h1,Gf2f4]}
Na4 20. Ba1 Qh4 $5 21. Ng3 h5 (21... Rad8) 22. gxh5 Bxh5 23. Kh2 (23. Nxh5 $5
Qxh5 24. Qb3 $5 (24. Qd1 Qxd1 25. Rfxd1 Kf8 26. Rb1 Rab8 27. Kf1 f6 $13) 24...
Nb6 25. Qg3 Rad8 $1 (25... Nd7 26. Kh1 Qe2 27. f4 Qe3 $1 28. Rc3 $1 $14) 26.
Kh1 Rd6 27. f4 Rg6 $13) 23... Qf4 24. Kh1 Bg6 25. Ne2 Qh6 26. Qb3 Nb6 27. Rc2
Nd7 $2 (27... Qh7 $5 $132) 28. Qxb7 Nf6 29. f3 Qh5 $6 (29... cxd5 30. cxd5 Rab8
31. Qa6 Be3 32. Qd3 $16) 30. Qxc6 Nxe4 {The "point" of 27th move of black,but
unfortunatly this combination turns out to be decisive mistake!} 31. fxe4 Bxe4
32. Kh2 $1 $18 {[%mdl 64]} (32. Bxe4 $4 Qxh3#) 32... Bxg2 $2 (32... Bxc2 33.
Ng3 $1 Qh4 34. Qxc5 Bd3 35. Re1 $18) 33. Kxg2 Rac8 34. Ng3 Qg5 35. Qd7 1-0

[Event "BL2-Nord 0001"]
[Site "Germany"]
[Date "2001.04.29"]
[Round "9.1"]
[White "Levin, Felix"]
[Black "Bangiev, Alexander J"]
[Result "1-0"]
[WhiteElo "2528"]
[BlackElo "2430"]
[Annotator "Bangiev,A"]
[PlyCount "57"]
[EventDate "2000.10.15"]
[EventType "team-tourn"]
[EventRounds "9"]
[EventCountry "GER"]
[SourceTitle "CBM 082 Extra"]
[Source "ChessBase"]
[SourceDate "2001.07.03"]
[SourceVersion "1"]
[SourceVersionDate "2001.07.03"]
[SourceQuality "1"]
[WhiteTeam "Hamburg Koenigsspringer"]
[BlackTeam "Isernhagen"]
[WhiteTeamCountry "GER"]
[BlackTeamCountry "GER"]

1. d4 d5 2. c4 c6 3. Nf3 Nf6 4. e3 a6 5. Bd3 Bg4 {Der übliche Fortsetzung ist
hier 5...b5 6.b3 und nun 6...Bg4. Sonst soll Schwarz mit dem 6.Qb3 rechnen.} 6.
Nbd2 {Ein sicherer Zug. Weiß wollte damit die mit dem 6.Qb3 vorbindenden
Komplikationen zu vermeiden.} (6. Qb3 $5 Bxf3 7. Qxb7 Bxg2 8. Rg1 Be4 $13) 6...
Nbd7 7. b3 (7. Qb3 Qb8 (7... b5 $5) 8. O-O e6 9. h3 Bh5 {/\Bd6,0-0,Rfe8
gefolgt von e5}) (7. O-O e5 8. cxd5 cxd5 9. dxe5 Nxe5 10. Be2 Bd6) 7... e5 8.
cxd5 cxd5 (8... Nxd5 $1 9. Bb2 (9. h3 Bxf3 10. Nxf3 exd4 11. Nxd4 Bb4+ $15) (9.
Be2 Nc3) 9... Bb4 10. dxe5 Nc5 11. Bc2 (11. Be2 Ne4) 11... Bxf3 $15 12. Qxf3
Bxd2+ 13. Kxd2 Nb4+ 14. Kc1 Ncd3+ 15. Kb1 Nxc2 16. Kxc2 Nxb2 17. Kxb2 Qd2+ 18.
Kb1 Rd8 $36) 9. dxe5 Nxe5 10. Be2 Bxf3 11. Nxf3 Bb4+ 12. Bd2 Bxd2+ (12... Nxf3+
13. Bxf3 Qa5 14. Bxb4 Qxb4+ 15. Qd2 Qxd2+ 16. Kxd2 $14) 13. Qxd2 Ne4 14. Qd4
Nc6 (14... Qa5+ $2 15. b4) 15. Qxg7 Qa5+ 16. Kf1 O-O-O 17. Qb2 (17. Qxf7 Qc3
18. Rd1 Qb2 19. g3 Qxa2 20. Qf5+ Kb8 21. Ne5 Ka8 $1 22. Nxc6 Rdf8) 17... Rhe8 (
17... Rhg8 18. Rc1 Kb8 19. a3 d4 20. exd4 Nxd4 21. Nxd4 Rxd4 22. Qxd4 Qg5 23.
g3 Qxc1+ 24. Kg2 Qc6 25. Bf3 $16) (17... f5 18. g3) 18. a3 Rd6 $6 {Auf den
ersten Blick hat der Nacziehende eine ausreichende Kompensatioen für den
geopferten Bauern. Wie aber die Weiße Stellung durchzubrechen? Schwarz
versucht nun den Vorstoß d4 vorbereiten.} (18... Qb6 $1 19. Rd1 (19. b4 $6 d4
$1 (19... Nxf2 20. Kxf2 Rxe3 21. Kf1 Rde8 22. Re1 d4 $13) 20. exd4 Nxd4 21.
Nxd4 Rxd4 22. Rd1 (22. Bg4+ $2 Kb8) 22... Rxd1+ 23. Bxd1 Qd6 24. Bg4+ Kb8 $36)
(19. Rc1 Nxf2 (19... Kb8 $5) 20. Kxf2 Rxe3 21. Kf1 Rxb3 22. Qe5 Qc7 23. Qxc7+
Kxc7) 19... Nxf2 20. Kxf2 Rxe3 21. Kf1 Qxb3 (21... Rxb3 22. Qg7 Rxa3 23. Qxf7)
22. Qxb3 Rxb3 23. Rd3 Rb1+ 24. Ne1 Rd6 $44) 19. b4 (19. Rd1 Nc3 20. Rd2 Nxe2
21. Kxe2 Rg6 22. g3 Qb5+ $36) 19... Qb6 20. Rd1 {Weiß hat allerdings genug
Zeit um das Feld d4 zu verstärken.} Red8 (20... Nxf2 21. Kxf2 Rxe3 22. Kf1 d4
23. Bd3 $1 $16) (20... f5 21. Nd4 f4 $5) 21. Nd4 (21. g3 d4 $1 22. exd4 Nxd4
23. Nxd4 Rxd4 24. Rxd4 Rxd4 25. Kg2 Rd2 $132) 21... Rf6 (21... Nxd4 $1 22. Qxd4
(22. Rxd4 Rc6 23. Bf3 Qc7) 22... Qxd4 23. Rxd4 Rc6 $132) 22. Bf3 Kb8 (22...
Nxd4 23. Rxd4 Rc6 $1) 23. Nxc6+ (23. g3 $2 Nxd4 24. Bxe4 dxe4 25. Rxd4 Rxd4 26.
Qxd4 Qxd4 27. exd4 Rf3 $132) 23... Rxc6 24. g3 Nc3 25. Rd2 Qc7 26. Kg2 $16 {
Weiß hat nun keine Probleme mit der Entwicklung mehr.} Qe5 $6 {[%mdl 8192]
Zeitnot} (26... Rc4 27. Rc1 Rc8) 27. Rc1 Rdc8 $2 (27... f6 $142 28. Rdc2 Rdc8)
28. Rxd5 Qe8 (28... Qe7 $142) 29. Rc5 1-0

[Event "Olympiad-31"]
[Site "Moscow"]
[Date "1994.12.12"]
[Round "11.2"]
[White "Piket, Jeroen"]
[Black "Xu, Jun"]
[Result "1-0"]
[WhiteElo "2640"]
[BlackElo "2560"]
[Annotator "Belov,I"]
[PlyCount "61"]
[EventDate "1994.12.01"]
[EventType "team-swiss"]
[EventRounds "14"]
[EventCountry "RUS"]
[SourceTitle "CBM 045"]
[Source "ChessBase"]
[SourceDate "1995.04.01"]
[SourceVersion "1"]
[SourceVersionDate "1995.04.01"]
[SourceQuality "1"]
[WhiteTeam "Netherlands"]
[BlackTeam "China"]
[WhiteTeamCountry "NED"]
[BlackTeamCountry "CHN"]

1. d4 d5 2. Nf3 c6 3. c4 dxc4 4. e3 b5 5. a4 e6 6. axb5 cxb5 7. b3 Nf6 (7...
Bb4+ $5) 8. bxc4 b4 {N/} (8... bxc4 9. Bxc4 Bd6 (9... Be7 10. Ne5 $1 O-O 11.
Qf3 Nd5 12. Nc3 Bb4 13. Bd2 Bb7 14. Nxd5 Bxd2+ 15. Kxd2 Bxd5 16. Bxd5 exd5 17.
Rhb1 $16 {Kramnik,V-Huebner,R/Biel(izt)/1993/1:0/49/}) 10. O-O O-O 11. Nbd2 a5
12. e4 Bb4 13. Ba3 Bb7 14. Bxb4 axb4 15. Bd3 Nc6 16. Nb3 $14 {Wojtkiewicz,
A-Martinidesz,D/Bern/1991/}) 9. c5 a5 (9... Be7 10. Qa4+ Nbd7 11. Qxb4) 10. Ne5
Be7 11. Bb5+ Kf8 (11... Bd7 12. c6 $18) 12. O-O $16 Qc7 13. Bb2 Bb7 (13... Ba6
14. Qa4 Bxb5 15. Qxb5 Nbd7 16. Nc6 $18) 14. Qa4 Nd5 (14... g6 $5 15. Nd2 Kg7)
15. Nd2 f6 16. Nd3 Nc6 17. Rfc1 (17. e4 Nc3 18. Bxc3 bxc3 19. Nf3 $5) 17... Na7
18. Bc4 (18. e4 Nc3 19. Bxc3 Nxb5 20. Qxb5 Bc6 21. Qc4 $18) 18... Nc6 19. Nf3 (
19. e4 Nc3 20. Bxc3 bxc3 21. Rxc3 $6 (21. Nf3 $16) 21... Nxd4 $13) 19... f5 20.
Nfe5 Bf6 21. Bxd5 exd5 22. Nf4 Qc8 (22... Nd8 23. c6 Ba6 24. Nxd5 $18) 23. Qb3
Bxe5 (23... Ne7 24. c6 Nxc6 25. Qxd5 $18) 24. dxe5 Ne7 25. e6 $18 Rg8 26. h4
Ng6 (26... Bc6 $5) 27. c6 $1 Bxc6 28. Rxa5 Rxa5 29. Qxb4+ Ke8 30. Qxa5 Nxf4 31.
exf4 1-0

[Event "Cheliabinsk"]
[Site "Cheliabinsk"]
[Date "1993.??.??"]
[Round "?"]
[White "Tolstikh, Nikolay"]
[Black "Gleizerov, Evgeny"]
[Result "1/2-1/2"]
[WhiteElo "2380"]
[BlackElo "2525"]
[Annotator "Belov,I"]
[PlyCount "70"]
[EventDate "1993.12.??"]
[EventType "tourn"]
[EventRounds "12"]
[EventCountry "RUS"]
[EventCategory "10"]
[SourceTitle "CBM 039"]
[Source "ChessBase"]
[SourceDate "1994.04.01"]
[SourceVersion "1"]
[SourceVersionDate "1994.04.01"]
[SourceQuality "1"]

1. Nf3 d5 2. d4 Bf5 3. c4 e6 4. Nc3 c6 5. Qb3 Qb6 6. c5 Qc7 (6... Qxb3 7. axb3
Na6 $5 (7... Nd7 8. b4 b5 $5 (8... a6 9. b5 cxb5 10. Nxb5 Rc8 11. Nc3 Ne7 12.
Bf4 Nc6 13. e3 f6 14. Be2 $14 {Grabarczyk,M-Pyda,Z /Mikolajki/1993/ 1:0 (47)/})
9. Bf4 a6 10. e3 Ngf6 11. Be2 Be7 12. Nd2 O-O 13. O-O Ra7 14. Ra3 Rfa8 15. Nb3
$14 {Maiorov,R-Dautov,R /Warszawa/1989/}) 8. e4 Nb4 9. exf5 (9. Ra4 Nc2+ 10.
Kd2 dxe4 11. Ng5 $1 Nxd4 12. Rxd4 Bxc5 13. Rc4 Bxf2 14. Ngxe4 Rd8+ 15. Ke2 Bd4
$13) 9... Nc2+ 10. Kd1 Nxa1 11. fxe6 fxe6 12. b4 a5 13. bxa5 Nb3 14. a6 $1 $44
{Shirov,A-Svidler,P /Gausdal/1992/}) 7. Bf4 Qc8 8. Nh4 (8. e3 Nf6 (8... Be7 9.
h3 Nd7 10. Be2 Ngf6 11. O-O Ne4 12. Rfe1 O-O 13. Qd1 Bf6 $10 {Chekhov,
V-Gleizerov,E /Lubniewice/1993/ 0,5 (23)}) 9. h3 h6 10. Be2 Be7 11. O-O O-O 12.
Qd1 Nbd7 13. b4 {Gulko,B-Gurevich,M /Moscow/1992/ 1:0 (51)} b6 $10) 8... Ne7 (
8... Bg6 9. Nxg6 hxg6 10. e4 dxe4 11. Nxe4 Nf6 12. Nd6+ Bxd6 13. Bxd6 Rh4 14.
Rd1 Ne4 $13 {Naumkin,I-Itkis,B /Borzhomi/1984/}) (8... Nf6 9. Nxf5 exf5 10. e3
Be7 11. Bd3 O-O 12. O-O Nh5 13. Be5 g6 14. h3 Nd7 15. Bh2 $14 {Panchenko,
A-Vaiser,A /SSSR/1983/}) 9. g3 $5 $146 (9. Bd6 Nd7 10. e3 Nf6 11. Be2 Ng6 12.
Bxf8 Kxf8 13. Nxf5 exf5 14. Qc2 Qe6 $13 {Ribli,Z-Christiansen,L /Wien/1991/}) (
9. Nxf5 Nxf5 10. e3 Nd7 11. Bd3 g6 (11... Be7 $5) 12. O-O Bg7 13. Bxf5 gxf5 14.
Ne2 {Tukmakov,V-Baburin,A /Helsinki/1992/ 1:0 (25)} b6 $1 $13) (9. e3 Ng6 10.
Nxf5 Nxf4 $1 $10) 9... Nd7 (9... Ng6 $5 10. Nxf5 (10. Nxg6 Bxg6 $10) 10... Nxf4
11. gxf4 exf5 12. e3 Be7 $10) 10. Bd6 Bg6 (10... Ng6 11. Nxf5 exf5 12. Bxf8
Kxf8 13. e3 $14) 11. Bg2 Nf5 12. Nxf5 (12. Nxg6 hxg6 13. Bxf8 Kxf8 $5 14. e3 b6
15. cxb6 (15. Qa3 Kg8 16. Na4 Qa6 $13) 15... axb6 $10) 12... Bxf5 13. Bxf8 Nxf8
(13... Kxf8 $6 14. O-O g6 15. h3 $14) 14. O-O Nd7 15. e4 $6 (15. f3 O-O 16. e4
Bg6 (16... dxe4 17. fxe4 Bg6 18. e5 $14) 17. e5 b6 18. cxb6 axb6 19. f4 Qa6 20.
g4 f5 $13) (15. Qd1 $5 b6 16. b4 e5 17. e3 $14 (17. e4 $5)) 15... dxe4 16. Nxe4
(16. Bxe4 Bh3 $1 17. Rfe1 O-O $15) 16... Bxe4 $1 17. Bxe4 Nf6 18. Bf3 O-O $15
19. Qc4 Rd8 20. Rfe1 (20. b4 $5) (20. Rfd1) 20... Rd7 21. b4 a6 22. a4 Qd8 23.
Rad1 Nd5 $1 24. Re5 (24. b5 $6 axb5 25. axb5 cxb5 26. Qxb5 Nc3 $19) 24... Nc7 (
24... Ne7 25. b5 $132) 25. Kg2 Qf6 26. h4 Rad8 27. Re4 $6 Nd5 (27... g6 $5) 28.
Rd3 Ne7 $1 29. b5 $8 axb5 30. axb5 Nf5 31. bxc6 bxc6 32. Qa4 $1 Rxd4 (32...
Nxd4 33. Rf4 Qe5 34. Bxc6 Nxc6 35. Rxd7 Rxd7 36. Qxc6 $10) 33. Rexd4 $1 (33.
Rdxd4 Nxd4 34. Rf4 Qe5 35. Bxc6 Qxc5 $17) 33... Nxd4 34. Bxc6 e5 35. Be4 Qe6
1/2-1/2

[Event "Batumi FIDE GP (Women)"]
[Site "Batumi"]
[Date "2016.04.22"]
[Round "3"]
[White "Batsiashvili, Nino"]
[Black "Girya, Olga"]
[Result "1-0"]
[WhiteElo "2476"]
[BlackElo "2442"]
[Annotator "Besenthal,K"]
[PlyCount "119"]
[EventDate "2016.04.20"]
[EventType "tourn"]
[EventRounds "11"]
[EventCountry "GEO"]
[EventCategory "10"]
[SourceTitle "CBM 172"]
[Source "ChessBase"]
[SourceDate "2016.05.12"]
[SourceVersion "1"]
[SourceVersionDate "2016.05.12"]
[SourceQuality "1"]
[WhiteClock "0:09:13"]
[BlackClock "0:00:43"]

1. d4 d5 2. c4 c6 3. Nf3 Nf6 4. e3 Bg4 5. Qb3 Qb6 6. Nc3 e6 7. Nh4 Bh5 8. h3
Nbd7 9. g4 Bg6 10. Nxg6 hxg6 11. Bg2 g5 12. O-O Be7 13. Rd1 Qxb3 14. axb3 a6
15. Bd2 O-O-O 16. f3 Nf8 17. Ne2 Ng6 18. Kf2 Nh4 19. Bf1 Ng6 20. Bc3 Bd6 21.
Ng3 Bc7 22. Re1 Kb8 23. Rad1 Bb6 24. Ne2 Bc7 25. Nc1 Nd7 26. Nd3 Nb6 27. Nb4
Nc8 28. Ra1 Nd6 29. Ra2 f5 30. gxf5 Nxf5 31. Rea1 Rdf8 32. Nxa6+ bxa6 33. Rxa6
Kb7 34. Ra7+ Kc8 35. R1a6 Nge7 36. Bb4 Nd6 37. Rxc7+ Kxc7 38. Ra7+ Nb7 39. Bxe7
Ra8 40. Ra3 Rxa3 41. bxa3 Kd7 42. Bxg5 dxc4 43. bxc4 Ra8 44. h4 Nd6 45. c5 Nf5
46. Bh3 Rxa3 47. Ke2 g6 48. Bg4 Ra2+ 49. Kd3 {Diagramm [#]} Ra3+ $4 (49... Ng3
50. Bf4 Ra3+ 51. Kc4 Nf5 {Schwarz durfte den weißen König nicht nach e4
lassen.}) 50. Ke4 Rc3 51. Bxf5 exf5+ 52. Ke5 Ra3 53. Kf6 Ra8 54. Kxg6 Ke6 55.
Bf6 Ra3 56. Bg5 Ra8 57. Bh6 Ra1 58. h5 Rh1 59. Bg5 Kd5 60. h6 1-0